| 000 | 00491nam a2200205Ia 4500 | ||
|---|---|---|---|
| 008 | 170918s9999 xx 000 0 und d | ||
| 020 | _a9780531223567 | ||
| 050 | _bW636 2010 | ||
| 100 | _aHeuston, Kimberly | ||
| 245 | _aMao Zedong / | ||
| 245 | _cby Kimberly Heuston. | ||
| 260 | _aNew York : | ||
| 260 | _bScholastic, | ||
| 260 | _c2010 | ||
| 300 | _a128 pages : | ||
| 300 | _billustrations ; | ||
| 300 | _c18cm. | ||
| 300 | _eA wicked history 20th century. | ||
| 500 | _a980 | ||
| 999 |
_c344400 _d344400 |
||